Normal view
MARC view
- Supervisor :Dr. Nabeel Safdar
Entry Personal Name
001 - CONTROL NUMBER
- control field: 119913
003 - CONTROL NUMBER IDENTIFIER
- control field: NUST
005 - DATE AND TIME OF LATEST TRANSACTION
- control field: 20240117162741.0
008 - FIXED-LENGTH DATA ELEMENTS
- fixed length control field: 240117|| aca||aabn | a|a d
040 ## - CATALOGING SOURCE
- Original cataloging agency: NUST
- Transcribing agency: NUST
100 ## - HEADING--PERSONAL NAME
- Personal name: Supervisor :Dr. Nabeel Safdar
670 ## - SOURCE DATA FOUND
- Source citation: Work cat.: (NUST): Javed, Waqar Ali 119911, Financial Analysis of Listed E&P companies of Pakistan/
